| 000 | 00495nam a2200181Ia 4500 | ||
|---|---|---|---|
| 005 | 20250508150846.0 | ||
| 008 | 008 250505s9999 xx 000 0 hin d | ||
| 037 | _aTextual | ||
| 040 |
_aFEDL _beng _cFEDL |
||
| 041 |
_ahin _2hin |
||
| 084 |
_a153.7, ADR _qFEDL |
||
| 100 | _aAdrian E. D. | ||
| 245 | 0 | _aPhysical background of perception | |
| 260 |
_aLondon, UK _bOxford University Press _c1947 |
||
| 300 | _a95p. | ||
| 942 |
_cTEXL _h153.7, ADR |
||
| 999 |
_c1326136 _d1326136 |
||